000 00262nam a22001217a 4500
020 _a0-7214-1356-0
082 _a823
_bDIS/L
100 _aDISNEY, WALT
245 _aTHE LITTLE MERMAID
260 _aUK
_bLADYBIRD
650 _aENGLISH SHORT STORY
_zUK
942 _cBK
999 _c3758
_d3758